The impact of family behaviour on real estate decisions (Record no. 104952)
[ view plain ]
| 000 -LEADER | |
|---|---|
| fixed length control field | 01335cam a2200169 4500 |
| 001 - CONTROL NUMBER | |
| control field | ##L131995 |
| 008 - FIXED-LENGTH DATA ELEMENTS--GENERAL INFORMATION | |
| fixed length control field | 051220n2000 000 0 eng u |
| 035 ## - SYSTEM CONTROL NUMBER | |
| System control number | (Sirsi) u131995 |
| 041 0# - LANGUAGE CODE | |
| Language code of text/sound track or separate title | eng |
| 100 1# - MAIN ENTRY--PERSONAL NAME | |
| Personal name | Levy, Deborah |
| 245 04 - TITLE STATEMENT | |
| Title | The impact of family behaviour on real estate decisions |
| 260 ## - PUBLICATION, DISTRIBUTION, ETC. | |
| Place of publication, distribution, etc. | London |
| Name of publisher, distributor, etc. | RICS |
| Date of publication, distribution, etc. | 2000 |
| 520 ## - SUMMARY, ETC. | |
| Summary, etc. | Families and households make up a significant proportion of the real estate market. There is however little information in the real estate literature on the impact of family behaviour on real estate decisions. This paper reports on the second part of a two-part study designed to further investigate the influence between different family members in the purchase of a new home. The first part of the study included a series of in-depth interviews with real estate agents to determine their perception of the family decision making process in relation to a house purchase decision. The study reported here comprised a number of in-depth interviews with families that have recently purchased a family home. The implications of the findings of both parts of the study is then discussed together with the implications for the real estate market, including service, promotion and valuation. |
| 520 ## - SUMMARY, ETC. | |
| Summary, etc. | This item is no longer available. |
| 690 ## - LOCAL SUBJECT ADDED ENTRY--TOPICAL TERM (OCLC, RLIN) | |
| Topical term or geographic name as entry element | Residential property |
| 9 (RLIN) | 6266 |
| 942 ## - ADDED ENTRY ELEMENTS (KOHA) | |
| Suppress in OPAC | 0 |
| Withdrawn status | Lost status | Source of classification or shelving scheme | Damaged status | Not for loan | Home library | Current library | Shelving location | Date acquired | Total Checkouts | Full call number | Barcode | Date last seen | Copy number | Price effective from | Koha item type |
|---|---|---|---|---|---|---|---|---|---|---|---|---|---|---|---|
| Dewey Decimal Classification | Virtual | Virtual | Online | 20/12/2005 | ONLINE PUBLICATION | 131995-1001 | 06/08/2019 | 1 | 06/08/2019 | Book |